Vysokoproizvoditeľnaja cholodnaja obrabotka metallov

Gespeichert in:
Bibliographische Detailangaben
Format: Buch
Sprache:Russisch
Veröffentlicht: Moskva : Mašgiz, 1958
Schlagworte:
Tags: Tag hinzufügen
Keine Tags, Fügen Sie das erste Tag hinzu!

MARC

LEADER 00000nam a22000003a 4500
001 stu44239
005 20141122041649.4
008 950207s1958----xxr-----------------rus-d
040 |a STU  |b slo 
041 0 |a rus 
044 |a xxr 
080 |a 621.9.04  |7 stu_us_auth*stu2881 
245 |a Vysokoproizvoditeľnaja cholodnaja obrabotka metallov 
260 |a Moskva :  |b Mašgiz,  |c 1958 
300 |a 294 s 
650 7 |a obrábanie  |2 stusub 
996 |b 284M020069  |c M*3713-1  |l MMKN  |s A  |a 24  |w stu44239_0001